Statistics for Geography of the Caucasus

Click here to take the quiz!

General Stats

  • This quiz has been taken 111 times
  • The average score is 11 of 15

Answer Stats

HintAnswer% Correct
Countries wedged between Russia to the North, and Turkey/Iran to the South (#1)Armenia
100%
(#2)Azerbaijan
97%
Sea to the WestBlack Sea
97%
'Sea' to the East, and the largest inland body of water in the worldCaspian Sea
97%
(#3)Georgia
97%
Religion which #1 was the first nation to officially adoptChristianity
91%
Russian city, and host of the 2014 Winter OlympicsSochi
84%
One of two partially recognised states located in #3, and the larger/more populous of the twoAbkhazia
77%
Another, smaller partially recognised state in #3South Ossetia
75%
Dormant volcano in Russia, and the tallest mountain in EuropeMount Elbrus
67%
Partially recognised nation, and breakaway state from #2Artsakh
65%
Another Russian republic, and home of MMA fighter Khabib NurmagomedovDagestan
61%
Name of the cross featured on the flag of #3St. George's
37%
Russian republic, and the only majority Buddhist region of EuropeKalmykia
34%
Type of drink produced by 'Ararat' in Armenia, and a favourite of Winston ChurchillBrandy
22%

Score Distribution

Percentile by Number Answered

Percent of People with Each Score

Your Score History

You have not taken this quiz